| 000 | 01308nam a22002297a 4500 | ||
|---|---|---|---|
| 008 | 110518r2008 su||||||r||| 00| 0 arad | ||
| 020 | _a6281072025496 | ||
| 082 |
_222 _a158.1 _bك و ف |
||
| 100 |
_923915 _aكوفي، ستيفن ر |
||
| 240 | _aLiving the 7 Habits : The Courage to Change / Stephen R. Covey | ||
| 245 |
_aالعادات السبع للإقدام على التغيير بشجاعة / _cترجمة مكتبة جرير؛ ستيفن ر. كوفي |
||
| 246 |
_a : أروع قصص الأمل والإلهام _bالعادات السبع للإقدام على التغيير بشجاعة |
||
| 260 |
_aالرياض : _bمكتبة جرير، _c2008 |
||
| 300 |
_a377 ص ؛ _c22 سم |
||
| 500 | _aترجمة لكتاب : Living the 7 Habits : The Courage to change / Stephen R. Covey | ||
| 650 |
_923916 _aالنجاح الشخصي |
||
| 653 |
_bGeneral _cMay2011 |
||
| 710 |
_923926 _aمكتبة جرير |
||
| 942 |
_2ddc _cBB |
||
| 999 |
_c15317 _d15317 |
||